LEADER 01040nam a2200205 i 4500 001 000000138849 003 CaOOAMICUS 005 20090203000000.0 008 090203s1524 it u000 u lat u 013 $a112804 040 $aSeMil$bita 245 10$aOpera et vita ; Curavit Jodocus Badius Ascensius. 260 $a[Parigi] :$bin Typ. Ascensiana (venundatur Jodoco Badio Ascensio),$c1524, sub Pascha. 300 $a21,5 x 32,5 ;$ccc. 528 ;$cgr. e got. e rom. 500 $aDescrizione da : Incunaboli e Cinquecentine della Biblioteca del Seminario di Milano / catalogo a cura di Ubaldo Valentini, Milano 1981. - Numero di catalogo : 283. 700 1 $aBruno .$0(OLS)http://semarc/name/23671 850 $aSeMil 852 $aSeMil$W1$xVenegono$y1$mFV.A VI 45 =$j92290$B92290$CSeMilBibl$Z2$F97474 $86 996 $6245$aOpera et vita ; Curavit Jodocus Badius Ascensius$9(OLS)http://semarc/title/202927 996 $6260$a[Parigi] :$bin Typ. Ascensiana (venundatur Jodoco Badio Ascensio)$9(OLS)http://semarc/publisher/47159 LEADER 00962nam a2200205 i 4500 001 000000092340 003 CaOOAMICUS 005 20151216000000.0 008 151216s1876 it u000 u ita u 013 $a64582 040 $aSeMil$bita 100 1 $aLuca : di San Giuseppe.$0(OLS)http://semarc/name/21084 245 10$aVita del servo di Dio fra Giacomo di S. Luigi, religioso della Congregazione dei passionisti /$cscritta dal p. Luca di San Giuseppe. 260 $aCivitavecchia :$bA. Strambi,$c1876. 300 $aVI, 175 p., [1] c. di tav. :$britr. ;$c20 cm. 650 4$aReligiosi - Biografie.$0(OLS)http://semarc/subject/796 850 $aSeMil 852 $aSeMil$W1$xVenegono$y1$m3J II 58 FA$j55231$B55231$CSeMilBibl$Z2$F59941 $8I 996 $6245$aVita del servo di Dio fra Giacomo di S. Luigi, religioso della Congregazione dei passionisti$9(OLS)http://semarc/title/138489 996 $6260$aCivitavecchia :$bA. Strambi$9(OLS)http://semarc/publisher/43947